Construction manual for highway bridges and incidental structures
Uloženo v:
| Korporativní autor: | |
|---|---|
| Médium: | Kniha |
| Jazyk: | angličtina |
| Vydáno: |
Washington, D.C
American Association of State Highway Officials
1973
|
| Témata: | |
| Tagy: |
Přidat tag
Žádné tagy, Buďte první, kdo vytvoří štítek k tomuto záznamu!
|
MARC
| LEADER | 00000nam a2200000 a 4500 | ||
|---|---|---|---|
| 001 | UCU6248 | ||
| 003 | CL-VaPUC | ||
| 008 | 960614e19730000US |||||||||||||||||eng|d | ||
| 082 | 0 | 4 | |a 624.257 |b AME |2 21 |
| 110 | 2 | |a American Association of State Highway Officials |e author |9 364441 | |
| 245 | 1 | 0 | |a Construction manual for highway bridges and incidental structures |
| 300 | |a 66 p | ||
| 942 | |c BK | ||
| 945 | |d 19960614 00:00:00 |a paguirre | ||
| 260 | |a Washington, D.C |b American Association of State Highway Officials |c 1973 | ||
| 650 | 0 | |a Puentes |9 268175 | |
| 650 | 0 | |a Carreteras |9 260132 | |
| 650 | 0 | |a Construcción de carreteras |9 260999 | |
| 650 | 0 | |a Construcción de puentes |9 267651 | |
| 650 | 0 | |a Estructuras |9 271908 | |
| 583 | |a last modification |c 19960614 00:00:00 |k Rodrigo Vera | ||
| 999 | |c 249259 |d 249257 | ||
| 952 | |0 0 |1 0 |4 0 |6 624_257000000000000_AME_1973 |7 0 |8 A |9 266424 |a BIBING |b BIBING |d 2019-11-19 |i 1689142 |o 624.257 AME 1973 |p 1689142 |r 2025-01-20 |w 2019-11-19 |y BK |k CCL | ||